000 00506nam a2200205Ia 4500
003 OSt
005 20221005114132.0
006 a|||||r|||| 00| 0
007 ta
008 221004b |||||||| |||| 00| 0 mar d
024 _a40991
037 _cTextual
040 _aCRL
_cCRL
_bmar
041 _2mar
_amar
082 _aO155,1x, B2
245 0 _aAnekkavi krit safut abgacha
650 _aMARATHI LITERATURE
_938000
942 _hO155,1x, B2
_cTEXL
_2cc
999 _c1030346
_d1030346